<?xml version="1.0" encoding="UTF-8"?>
<record
    xmlns:xsi="http://www.w3.org/2001/XMLSchema-instance"
    xsi:schemaLocation="http://www.loc.gov/MARC21/slim http://www.loc.gov/standards/marcxml/schema/MARC21slim.xsd"
    xmlns="http://www.loc.gov/MARC21/slim">

  <leader>02085nam a22001697a 4500</leader>
  <controlfield tag="008">141119b        xxu||||| |||| 00| 0 eng d</controlfield>
  <datafield tag="020" ind1=" " ind2=" ">
    <subfield code="a">9780073102559</subfield>
  </datafield>
  <datafield tag="050" ind1=" " ind2=" ">
    <subfield code="a">HD62.4.H55</subfield>
  </datafield>
  <datafield tag="100" ind1=" " ind2=" ">
    <subfield code="a">Hill, Charles W. L.</subfield>
  </datafield>
  <datafield tag="245" ind1=" " ind2=" ">
    <subfield code="a">International business:</subfield>
    <subfield code="b">competing in the global market place. /</subfield>
    <subfield code="c">Charles W. L. Hill</subfield>
  </datafield>
  <datafield tag="250" ind1=" " ind2=" ">
    <subfield code="a">6th ed.</subfield>
  </datafield>
  <datafield tag="260" ind1=" " ind2=" ">
    <subfield code="a">New York:</subfield>
    <subfield code="b">McGraw-Hill,</subfield>
    <subfield code="c">2007.</subfield>
  </datafield>
  <datafield tag="300" ind1=" " ind2=" ">
    <subfield code="a">xxi, 690p.:</subfield>
    <subfield code="b">ills;</subfield>
    <subfield code="c">28cm</subfield>
  </datafield>
  <datafield tag="500" ind1=" " ind2=" ">
    <subfield code="a">Includes glossary and index.</subfield>
  </datafield>
  <datafield tag="505" ind1=" " ind2=" ">
    <subfield code="a">Content: Introduction and overview: Globalization -- Country differences: National differences in political economy -- Differences in culture -- Ethics in international business -- Cases: Qualcomm in China -- Etch-A-sketch ethics -- Western drug companies and the AIDS epidemic in South Africa -- The global trade and investment environment: International trade theory -- The political economy of international trade -- Foreign direct investment -- The political economy of foreign direct investment -- Regional economic integration -- Cases: Agricultural subsidies and development -- Boeing versus Airbus: Two decades of trade disputes -- The politics of trade in steel -- Dixon Ticonderoga: Victim of globalization? -- Drug development in European Union -- The global monetary system: The foreign exchange market -- The International monetary system -- Cases: The tragedy of the Congo -- The Russian ruble crisis and its aftermath -- The strategy and structure of international business: The strategy of international business -- The organization of international business -- Entry strategy and strategic alliances -- Cases: 3M in the new millennium: Innovation and globalization -- Restructuring exide -- Toyota: The rise of a global corporation -- Business operations: Exporting, importing, and countertrade -- Global production, outsourcing, and logistics -- Global marketing and R&amp;D -- Global human resource management -- Accounting in the international business -- Cases: Procter &amp; Gamble in Japan -- Merrill Lynch in Japan -- Starbucks corporation: Competing in a global market.</subfield>
  </datafield>
  <datafield tag="942" ind1=" " ind2=" ">
    <subfield code="2">lcc</subfield>
    <subfield code="c">BK</subfield>
  </datafield>
  <datafield tag="999" ind1=" " ind2=" ">
    <subfield code="c">5265</subfield>
    <subfield code="d">12765</subfield>
  </datafield>
  <datafield tag="952" ind1=" " ind2=" ">
    <subfield code="0">0</subfield>
    <subfield code="1">0</subfield>
    <subfield code="2">lcc</subfield>
    <subfield code="4">0</subfield>
    <subfield code="7">0</subfield>
    <subfield code="a">WIUC-1</subfield>
    <subfield code="b">WIUC-1</subfield>
    <subfield code="c">SPECIAL COLL</subfield>
    <subfield code="d">2014-11-19</subfield>
    <subfield code="l">0</subfield>
    <subfield code="o">HD62.4.H55</subfield>
    <subfield code="p">7493/521/13</subfield>
    <subfield code="r">2014-11-19 00:00:00</subfield>
    <subfield code="t">1</subfield>
    <subfield code="w">2014-11-19</subfield>
    <subfield code="y">BK</subfield>
  </datafield>
</record>
